000 00529nam a2200145Ia 4500
008 151213s9999 xx 000 0 und d
100 _aওবায়েদুল ইসলাম।
245 _aসারাবেলা মুখোমুখি।
_cওবায়েদুল ইসলাম।
260 _aঢাকা
_bকাকলী প্রকাশন্
_c1990
300 _a8430 p.
650 _aBangla
650 _aBengali Literature
700 _aওবায়েদুল ইসলাম।
999 _c4268
_d4268